| 000 | 00393nam a22001337a 4500 | ||
|---|---|---|---|
| 020 | _qHB. | ||
| 040 | _cFIZZA ISHAQ | ||
| 082 |
_a812.54 _bFOO |
||
| 100 |
_a Foote , Horton. _9134032 |
||
| 245 |
_aTo Kill a Mockingbird: The Screenplay and Related Readings / _c Horton Foote. |
||
| 260 |
_aNew York: _bMcDougal Littell, _c1997. |
||
| 300 |
_a137 P. ; _c5.5 x 0.5 x 8.5 inches |
||
| 942 |
_2ddc _cBK |
||
| 999 |
_c616957 _d616957 |
||